| 000 | 00905nam a22002897a 4500 | ||
|---|---|---|---|
| 003 | OSt | ||
| 005 | 20260409102615.0 | ||
| 008 | 260409b |||||||| |||| 00| 0 eng d | ||
| 020 | _a97807736912914 | ||
| 020 | _a736912916 | ||
| 040 | _cHarvest House publishers | ||
| 041 | _aENGLISH | ||
| 050 |
_aPS 3573 .I237 .S64 1995 _b.S64 1995 |
||
| 100 |
_aWick, Lori _eAuthor |
||
| 245 |
_aSophie’s heart / _cLori Wick. |
||
| 250 | _aFirst edition | ||
| 260 |
_aEugene, Oregon : _bHarvest House Publishers, _c1995 |
||
| 300 |
_a425 pages ; _c21cm. |
||
| 520 | _aA widowed father and his children find healing and hope through the care of a compassionate immigrant woman. | ||
| 650 |
_aWidowers _vFiction |
||
| 650 |
_aImmigrants _vFiction |
||
| 650 | _aChristian fiction | ||
| 651 |
_aWisconsin _vFiction |
||
| 655 | _aRomance fiction | ||
| 655 | _aReligious fiction | ||
| 942 |
_2lcc _cBK _e1st ed. _n0 |
||
| 999 |
_c10049 _d10049 |
||